000
00202 a2200097 4500
020
_a
9781338798234
041
_a
spa
100
_a
Pilkey, Dav
245
_a
Supergatito Perspectivas
942
_c
Libros/Book
999
_c
31981
_d
31979